000 00496nam a2200157Ia 4500
005 20250613012517.0
008 240331s9999 xx 000 0 und d
020 _a9789551772000
082 _bSAM
_a305
100 _aSamuel,K
245 0 _aSangawunu ithihasaya :
_bSri Lankawaula samaya sandaha kanthawange kriyawadaya 1982-2002
260 _aColombo
_bSocial Scientist Society
_c2006
300 _a118 p .,
500 _aA book on Women's Activism for Peace in Sri Lanka - 1982-2002
942 _cL
999 _c4891
_d4891